महान भारतीय वैज्ञानिक / (Record no. 119006)
[ view plain ]
| 000 -LEADER | |
|---|---|
| fixed length control field | 01139nam a22002657a 4500 |
| 005 - DATE AND TIME OF LATEST TRANSACTION | |
| control field | 20170124103125.0 |
| 010 ## - LIBRARY OF CONGRESS CONTROL NUMBER | |
| LC control number | B-185902 |
| 020 ## - INTERNATIONAL STANDARD BOOK NUMBER | |
| Terms of availability | 250.00 |
| International Standard Book Number | 818526779 |
| 035 ## - SYSTEM CONTROL NUMBER | |
| System control number | B-185902 |
| 037 ## - SOURCE OF ACQUISITION | |
| Source of stock number/acquisition | Cen Lib/Ret |
| 040 ## - CATALOGING SOURCE | |
| Original cataloging agency | DPL |
| Language of cataloging | HN |
| 082 ## - DEWEY DECIMAL CLASSIFICATION NUMBER | |
| Classification number | 509.2 |
| Item number | मुलेगु |
| 100 ## - MAIN ENTRY--PERSONAL NAME | |
| Personal name | मुले, गुणाकर |
| 9 (RLIN) | 103831 |
| 245 ## - TITLE STATEMENT | |
| Title | महान भारतीय वैज्ञानिक / |
| Statement of responsibility, etc | गुणाकर मुले |
| 246 ## - VARYING FORM OF TITLE | |
| Title proper/short title | Mahan bhartiya vaigyanik / |
| Remainder of title | by Gunakar Muley |
| 260 ## - PUBLICATION, DISTRIBUTION, ETC. (IMPRINT) | |
| Place of publication, distribution, etc | दिल्ली |
| Name of publisher, distributor, etc | यात्री प्रकाशन |
| Date of publication, distribution, etc | 2005 |
| 270 ## - ADDRESS | |
| Address | बी-131, सादतपुर |
| City | दिल्ली |
| Postal code | 110094 |
| 300 ## - PHYSICAL DESCRIPTION | |
| Extent | 214पृ. : |
| Dimensions | 21सेमी (सजिल्द ) |
| Other physical details | सचित्र |
| 500 ## - GENERAL NOTE | |
| General note | अनुक्रमणिका शामिल |
| 650 ## - SUBJECT ADDED ENTRY--TOPICAL TERM | |
| Topical term or geographic name as entry element | महान भारतीय वैज्ञानिक |
| General subdivision | |
| Geographic subdivision | |
| 9 (RLIN) | 82904 |
| 650 ## - SUBJECT ADDED ENTRY--TOPICAL TERM | |
| Topical term or geographic name as entry element | वैज्ञानिक जीवनी |
| Form subdivision | |
| 9 (RLIN) | 43339 |
| 650 ## - SUBJECT ADDED ENTRY--TOPICAL TERM | |
| Topical term or geographic name as entry element | Great Indian scientist |
| 9 (RLIN) | 82905 |
| 650 ## - SUBJECT ADDED ENTRY--TOPICAL TERM | |
| Topical term or geographic name as entry element | Scientist Biography |
| 9 (RLIN) | 82906 |
| 942 ## - ADDED ENTRY ELEMENTS (KOHA) | |
| Source of classification or shelving scheme | Dewey Decimal Classification |
| Koha item type | Hindi Books |
| Classification part | 509.2 |
| Call number suffix | मुलेगु |
| Withdrawn status | Lost status | Damaged status | Not for loan | Home library | Current library | Date acquired | Source of acquisition | Cost, normal purchase price | Total Checkouts | Full call number | Barcode | Date last seen | Date checked out | Copy number | Cost, replacement price | Price effective from | Koha item type |
|---|---|---|---|---|---|---|---|---|---|---|---|---|---|---|---|---|---|
| Central Library | Central Library | 14/09/2015 | Cen Lib/Ret | 250.00 | 1 | 509.2 मुलेगु | B-185902 | 28/10/2022 | 18/10/2022 | 1 | 250.00 | 14/09/2015 | Hindi Books |
